Investigación y Desarrollo más Innovación. Recomendaciones para políticas públicas más cercanas a las necesidades de las empresas.
Furkejuvvon:
| Váldodahkki: | |
|---|---|
| Eará dahkkit: | |
| Materiálatiipa: | Girji |
| Almmustuhtton: |
Madrid, España:
Consejo Económico Social,
2008.
|
| Preanttus: | Primera edición |
| Ráidu: | Colección Estudios
|
| Fáttát: | |
| Fáddágilkorat: |
Lasit fáddágilkoriid
Eai fáddágilkorat, Lasit vuosttaš fáddágilkora!
|
MARC
| LEADER | 00000nam a22000007a 4500 | ||
|---|---|---|---|
| 003 | CL-VaPUC | ||
| 005 | 20241204153429.0 | ||
| 008 | 221104t2008 ||||| |||| 00| 0 eng d | ||
| 999 | |c 439258 |d 439256 | ||
| 020 | |a 978-84-8188-287-2 | ||
| 040 | |c Pontificia Universidad Católica de Valparaíso | ||
| 082 | 0 | 4 | |2 22 |a 338.946 NIC 2008 |
| 100 | 1 | |a Nicolini, Rosella |e directora |9 878205 | |
| 245 | 1 | 0 | |a Investigación y Desarrollo más Innovación. |b Recomendaciones para políticas públicas más cercanas a las necesidades de las empresas. |
| 250 | |a Primera edición | ||
| 260 | |a Madrid, España: |b Consejo Económico Social, |c 2008. | ||
| 300 | |a 303 páginas. | ||
| 490 | 0 | |a Colección Estudios |n 206. | |
| 500 | |a c.1. Donación Rector saliente Claudio Elortegui, Julio 2022. | ||
| 583 | |c 20221104 |k Catalogador Asistente | ||
| 650 | 1 | |a Desarrollo económico |x Empresas |9 878278 | |
| 650 | 1 | |a Empresas |x Innovaciones tecnológicas |9 878279 | |
| 650 | 1 | |a Investigación |z España |x Finanzas |9 878280 | |
| 650 | 1 | |a Investigación industrial |z España |x Política gubernamental |9 878281 | |
| 650 | 1 | 0 | |a Investigación y desarrollo (I+D) |9 324714 |
| 700 | |a Artige, Lionel |e director |9 878206 | ||
| 942 | |2 ddc |c BK | ||
| 952 | |0 0 |1 0 |2 ddc |4 0 |6 338_946000000000000_NIC_2008 |7 0 |8 A |9 587573 |a BIBENE |b BIBENE |c GEN |d 2022-11-04 |e Donación |i 5655449 |o 338.946 NIC 2008 |p 5655449 |r 2025-01-15 |t 1 |w 2022-11-04 |y BK |k ICO | ||